| 000 | 00753nam a2200253Ia 4500 | ||
|---|---|---|---|
| 003 | OSt | ||
| 005 | 20260212105643.0 | ||
| 008 | 210210b1998 xxu||||| |||| 00| 0 eng d | ||
| 040 | _cAL | ||
| 041 | _aKannada | ||
| 082 | _aK894.3 NAGP | ||
| 100 |
_aNagrajarav C K _9142135 _dನಾಗರಾಜ ಸಿ.ಕೆ |
||
| 245 |
_aPattamahadevi Shantaladevi : samputa 2 _bಪಟ್ಟಮಹಾದೇವಿ ಶಾಂತಲದೇವಿ : ಸಂಪುಟ ೨ |
||
| 260 |
_aBengaluru _b- _c1998 |
||
| 300 | _aiv,987-2078p | ||
| 440 |
_aVol 2 _9142136 |
||
| 650 |
_aShantaladevi _9142137 |
||
| 650 |
_asamputa _9142138 |
||
| 650 |
_aPattamahadevi _9142139 |
||
| 650 |
_a2 _9142140 |
||
| 690 |
_aKannada Fiction _9142141 |
||
| 906 | _a065344 | ||
| 942 |
_2ddc _cBK |
||
| 999 |
_c142553 _d142553 |
||